[Event "Lloyds Bank Masters 04th"]
[Site "London"]
[Date "1980.08.27"]
[Round "8.12"]
[White "Teichmann, Erik OMC"]
[Black "Petursson, Margeir"]
[Result "0-1"]
[WhiteElo "2200"]
[BlackElo "2425"]
[PlyCount "88"]
[EventDate "1980.08.20"]
[EventType "swiss"]
[EventRounds "9"]
[EventCountry "ENG"]
[SourceTitle "BritBase"]
[Source "John Saunders"]
[SourceDate "2020.09.07"]
[SourceVersion "1"]
[SourceVersionDate "2020.09.07"]
[SourceQuality "2"]

1. d4 d5 2. Nf3 Nf6 3. c4 e6 4. Nc3 c5 5. e3 Nc6 6. a3 a6 7. dxc5 Bxc5 8. b4
Ba7 9. Bb2 O-O 10. Qc2 Qe7 11. Rd1 dxc4 12. Bxc4 Bd7 13. O-O Rfc8 14. Bd3 a5
15. b5 Nb4 16. axb4 axb4 17. Qb3 bxc3 18. Bxc3 Nd5 19. Bb2 Be8 20. Nd4 Qb4 21.
Qxb4 Nxb4 22. Be4 Rcb8 23. Rd2 Bb6 24. Rb1 Ra7 25. Nf3 Rc8 26. g4 Na2 27. Bd4
Bxd4 28. Nxd4 Nc3 29. Rc2 e5 30. Nf5 Rc5 31. Rbc1 Nxe4 32. Rxc5 Nxc5 33. Rxc5
g6 34. Nd6 Bd7 35. Rc7 Be6 36. e4 Ra3 37. Rxb7 Bxg4 38. h4 Bf3 39. b6 Rb3 40.
Rb8+ Kg7 41. b7 f5 42. Rc8 Rb1+ 43. Kh2 f4 44. Rc7+ Kh6 0-1

[Event "Lloyds Bank Masters 04th"]
[Site "London"]
[Date "1980.08.27"]
[Round "8.16"]
[White "Finlayson, Shaun G"]
[Black "Arkell, Keith C"]
[Result "1-0"]
[WhiteElo "2250"]
[BlackElo "2255"]
[PlyCount "89"]
[EventDate "1980.08.20"]
[EventType "swiss"]
[EventRounds "9"]
[EventCountry "ENG"]
[SourceTitle "BritBase"]
[Source "John Saunders"]
[SourceDate "2020.09.07"]
[SourceVersion "1"]
[SourceVersionDate "2020.09.07"]
[SourceQuality "2"]

1. e4 e6 2. d4 d5 3. e5 c5 4. Nf3 Nc6 5. c3 Qb6 6. a3 c4 7. g3 Bd7 8. h4 O-O-O
9. Bh3 h6 10. Nbd2 Na5 11. O-O Be7 12. Re1 Kb8 13. Rb1 Rc8 14. Kg2 Nb3 15. Nxb3
Ba4 16. Nc5 Bxd1 17. Nd7+ Kc7 18. Nxb6 Bxf3+ 19. Kxf3 axb6 20. h5 Bd8 21. Kg2
Ne7 22. f4 Kd7 23. g4 g6 24. hxg6 fxg6 25. Rf1 h5 26. f5 hxg4 27. fxe6+ Ke8 28.
Bxg4 Rc6 29. Bg5 Nf5 30. Bxf5 gxf5 31. Bxd8 Rg8+ 32. Kf3 Kxd8 33. Rg1 Rxg1 34.
Rxg1 Rxe6 35. Rg7 Rh6 36. Rxb7 Kc8 37. Rg7 Rh3+ 38. Kf4 Rh2 39. Kxf5 Rxb2 40.
e6 Re2 41. Kf6 Rf2+ 42. Ke5 Rf3 43. Kd6 Rxc3 44. Rg8+ Kb7 45. e7 1-0

[Event "Lloyds Bank Masters 04th"]
[Site "London"]
[Date "1980.08.27"]
[Round "8.18"]
[White "Jacobs, Byron A"]
[Black "Bellin, Robert"]
[Result "0-1"]
[WhiteElo "2160"]
[BlackElo "2440"]
[PlyCount "52"]
[EventDate "1980.08.20"]
[EventType "swiss"]
[EventRounds "9"]
[EventCountry "ENG"]
[SourceTitle "BritBase"]
[Source "John Saunders"]
[SourceDate "2020.09.07"]
[SourceVersion "1"]
[SourceVersionDate "2020.09.07"]
[SourceQuality "2"]

1. e4 c5 2. f4 e6 3. Nf3 d5 4. Bb5+ Bd7 5. Bxd7+ Nxd7 6. Nc3 dxe4 7. Nxe4 Ngf6
8. d3 Be7 9. O-O O-O 10. Qe2 Qc7 11. Bd2 Nxe4 12. Qxe4 Bf6 13. Rae1 g6 14. Ne5
Bg7 15. c4 f5 16. Qe3 Nxe5 17. fxe5 Rfd8 18. Qg3 Rd4 19. Bc3 Rd7 20. h4 Bh6 21.
Qf3 Qd8 22. h5 Qg5 23. hxg6 hxg6 24. Re2 Rad8 25. Rd1 Qh5 26. Rf2 Be3 0-1

[Event "Lloyds Bank Masters 04th"]
[Site "London"]
[Date "1980.08.27"]
[Round "8.20"]
[White "Gelpke, Peter"]
[Black "Chapman, Mark"]
[Result "1-0"]
[WhiteElo "2240"]
[BlackElo "2250"]
[PlyCount "53"]
[EventDate "1980.08.20"]
[EventType "swiss"]
[EventRounds "9"]
[EventCountry "ENG"]
[SourceTitle "BritBase"]
[Source "John Saunders"]
[SourceDate "2020.09.07"]
[SourceVersion "1"]
[SourceVersionDate "2020.09.07"]
[SourceQuality "2"]

1. d4 d5 2. c4 e5 3. dxe5 d4 4. Nf3 Nc6 5. g3 f6 6. exf6 Qxf6 7. Bg2 Bf5 8. O-O
Bc5 9. Nbd2 a5 10. Nb3 Ba7 11. c5 Be4 12. Nbxd4 Bxc5 13. Nxc6 Bxc6 14. Qc2 Bb6
15. Bg5 Qe6 16. Qc3 Nf6 17. Bxf6 Qxf6 18. Ne5 O-O 19. Bxc6 bxc6 20. Qb3+ Kh8
21. Nd7 Bxf2+ 22. Kg2 Qf5 23. Nxf8 Rxf8 24. Qd3 Qf6 25. Rac1 c5 26. Rc2 Qc6+
27. e4 1-0

[Event "Lloyds Bank Masters 04th"]
[Site "London"]
[Date "1980.08.27"]
[Round "8.23"]
[White "Riedel, Wolfgang"]
[Black "Pagden, Michael Ashley"]
[Result "1-0"]
[WhiteElo "2295"]
[BlackElo "2280"]
[PlyCount "49"]
[EventDate "1980.08.20"]
[EventType "swiss"]
[EventRounds "9"]
[EventCountry "ENG"]
[SourceTitle "BritBase"]
[Source "John Saunders"]
[SourceDate "2020.09.07"]
[SourceVersion "1"]
[SourceVersionDate "2020.09.07"]
[SourceQuality "2"]

1. d4 b5 2. e4 Bb7 3. Bxb5 Bxe4 4. Nf3 e6 5. O-O Nf6 6. c4 Be7 7. Nc3 Bb7 8.
Ba4 O-O 9. Bc2 d6 10. Qd3 Nbd7 11. Ng5 g6 12. Qh3 Re8 13. f4 Bf8 14. d5 exd5
15. f5 dxc4 16. Nxf7 Kxf7 17. fxg6+ Kg8 18. Bf5 Qe7 19. Bg5 hxg6 20. Bxg6 Qg7
21. Bxf6 Nxf6 22. Rxf6 Re7 23. Raf1 Qh8 24. Rxf8+ Rxf8 25. Rxf8+ 1-0

[Event "Lloyds Bank Masters 04th"]
[Site "London"]
[Date "1980.08.27"]
[Round "8.26"]
[White "Baljon, Christofoor"]
[Black "Friedgood, David"]
[Result "1-0"]
[WhiteElo "2340"]
[BlackElo "2335"]
[PlyCount "43"]
[EventDate "1980.08.20"]
[EventType "swiss"]
[EventRounds "9"]
[EventCountry "ENG"]
[SourceTitle "BritBase"]
[Source "John Saunders"]
[SourceDate "2020.09.07"]
[SourceVersion "1"]
[SourceVersionDate "2020.09.07"]
[SourceQuality "2"]

1. e4 c5 2. Nf3 e6 3. d4 cxd4 4. Nxd4 a6 5. Bd3 Nf6 6. Nc3 d6 7. f4 Be7 8. Qf3
Qc7 9. Be3 O-O 10. g4 Nc6 11. g5 Nd7 12. Rg1 Nc5 13. O-O-O Bd7 14. e5 Nxd3+ 15.
Rxd3 Nxd4 16. Bxd4 Rfc8 17. Qh5 Be8 18. Rh3 h6 19. gxh6 g6 20. h7+ Kh8 21.
exd6+ f6 22. Qe5 1-0

[Event "Lloyds Bank Masters 04th"]
[Site "London"]
[Date "1980.08.28"]
[Round "9.1"]
[White "Iskov, Gert"]
[Black "Gheorghiu, Florin"]
[Result "0-1"]
[WhiteElo "2400"]
[BlackElo "2605"]
[PlyCount "106"]
[EventDate "1980.08.20"]
[EventType "swiss"]
[EventRounds "9"]
[EventCountry "ENG"]
[SourceTitle "BritBase"]
[Source "John Saunders"]
[SourceDate "2020.09.07"]
[SourceVersion "1"]
[SourceVersionDate "2020.09.07"]
[SourceQuality "2"]

1. d4 Nf6 2. c4 c5 3. d5 g6 4. Nc3 Bg7 5. e4 d6 6. Nf3 O-O 7. h3 e6 8. Bd3 Na6
9. O-O Nc7 10. dxe6 Nxe6 11. Be3 Nd7 12. Qd2 Ne5 13. Be2 Nxf3+ 14. Bxf3 Nd4 15.
Bxd4 Bxd4 16. Be2 a6 17. Bd3 Bd7 18. Kh2 Qb8 19. Nd5 b5 20. Rae1 bxc4 21. Bxc4
Qxb2 22. Qxb2 Bxb2 23. Re2 Bd4 24. Nb6 Bb5 25. Bxb5 axb5 26. Nxa8 Rxa8 27. f4
f6 28. Rb1 Ra5 29. g3 Kf7 30. Kg2 Ke6 31. Rc2 Kd7 32. Rd1 Ra3 33. Rb1 Kc6 34.
Rb3 Ra4 35. Rd3 Kb6 36. Kf3 b4 37. Ke2 Kb5 38. Kd1 Ra7 39. Rcd2 Kc4 40. Ke2 f5
41. Rc2+ Kb5 42. exf5 gxf5 43. Rcd2 h5 44. Kf3 Kc4 45. Ke2 Bc3 46. Rxd6 Bxd2
47. Rxd2 Kc3 48. Kd1 c4 49. Rc2+ Kd3 50. Rd2+ Ke3 51. Rb2 b3 52. axb3 c3 53.
Rc2 Kd3 0-1

[Event "Lloyds Bank Masters 04th"]
[Site "London"]
[Date "1980.08.28"]
[Round "9.2"]
[White "Shamkovich, Leonid"]
[Black "Chandler, Murray G"]
[Result "0-1"]
[WhiteElo "2515"]
[BlackElo "2450"]
[PlyCount "100"]
[EventDate "1980.08.20"]
[EventType "swiss"]
[EventRounds "9"]
[EventCountry "ENG"]
[SourceTitle "BritBase"]
[Source "John Saunders"]
[SourceDate "2020.09.07"]
[SourceVersion "1"]
[SourceVersionDate "2020.09.07"]
[SourceQuality "2"]

1. d4 Nf6 2. c4 g6 3. Nc3 Bg7 4. e4 d6 5. f3 O-O 6. Be3 Nc6 7. Nge2 a6 8. Qd2
Rb8 9. Rb1 b5 10. cxb5 axb5 11. b4 Bd7 12. d5 Ne5 13. Nd4 Qe8 14. Be2 c5 15.
dxc6 Bxc6 16. O-O Bd7 17. Rfc1 Nc4 18. Bxc4 bxc4 19. Bh6 Bxh6 20. Qxh6 e5 21.
Nde2 d5 22. exd5 Bf5 23. Rb2 Qe7 24. Qe3 Rxb4 25. Rxb4 Qxb4 26. Qxe5 Nd7 27.
Qd4 Re8 28. Ne4 Bxe4 29. fxe4 Ne5 30. Nc3 Nd3 31. Rf1 Qd6 32. Qf6 Qxf6 33. Rxf6
Ra8 34. a4 Rb8 35. Rf1 Rb3 36. d6 Kf8 37. Nd5 Ke8 38. h3 c3 39. Ne3 Ra3 40. Rd1
Nb4 41. Nd5 c2 42. Rc1 Rd3 43. Nxb4 Rd1+ 44. Kf2 Rxc1 45. Kg3 f6 46. a5 Kd7 47.
h4 Kxd6 48. a6 Kc7 49. h5 gxh5 50. Kh2 Rh1+ 0-1

[Event "Lloyds Bank Masters 04th"]
[Site "London"]
[Date "1980.08.28"]
[Round "9.3"]
[White "Pritchett, Craig William"]
[Black "Ligterink, Gert"]
[Result "0-1"]
[WhiteElo "2390"]
[BlackElo "2455"]
[PlyCount "68"]
[EventDate "1980.08.20"]
[EventType "swiss"]
[EventRounds "9"]
[EventCountry "ENG"]
[SourceTitle "BritBase"]
[Source "John Saunders"]
[SourceDate "2020.09.07"]
[SourceVersion "1"]
[SourceVersionDate "2020.09.07"]
[SourceQuality "2"]

1. e4 c5 2. Nf3 d6 3. d4 cxd4 4. Nxd4 Nf6 5. Nc3 Nc6 6. Bg5 e6 7. Qd2 Be7 8.
O-O-O O-O 9. f4 h6 10. Bh4 Bd7 11. Nf3 Qa5 12. Kb1 Rfc8 13. Bd3 b5 14. g4 b4
15. Ne2 d5 16. Bxf6 Bxf6 17. e5 Be7 18. f5 b3 19. cxb3 Qxd2 20. Rxd2 Bg5 21.
Rdd1 Be3 22. Rhe1 Rab8 23. fxe6 fxe6 24. Ba6 Rf8 25. Ned4 Nxd4 26. Nxd4 Bf2 27.
Re2 Rb6 28. Rxf2 Rxf2 29. Bd3 Rb8 30. h4 Rbf8 31. h5 Rg2 32. Bg6 Rff2 33. Nc2
Be8 34. Bd3 Rxg4 0-1

[Event "Lloyds Bank Masters 04th"]
[Site "London"]
[Date "1980.08.28"]
[Round "9.4"]
[White "Sax, Gyula"]
[Black "Law, Andrew P"]
[Result "1-0"]
[WhiteElo "2570"]
[BlackElo "2375"]
[PlyCount "83"]
[EventDate "1980.08.20"]
[EventType "swiss"]
[EventRounds "9"]
[EventCountry "ENG"]
[SourceTitle "BritBase"]
[Source "John Saunders"]
[SourceDate "2020.09.07"]
[SourceVersion "1"]
[SourceVersionDate "2020.09.07"]
[SourceQuality "2"]

1. e4 e5 2. Nf3 Nc6 3. Bc4 Nf6 4. d4 exd4 5. e5 d5 6. Bb5 Ne4 7. Nxd4 Bc5 8.
Be3 Bd7 9. Bxc6 bxc6 10. O-O O-O 11. f3 Ng5 12. f4 Ne4 13. Nd2 Nxd2 14. Qxd2
Bb6 15. Nb3 f6 16. Rfe1 fxe5 17. fxe5 Re8 18. Bd4 Bf5 19. Qc3 Be4 20. Nd2 c5
21. Bxc5 d4 22. Qc4+ Bd5 23. Qxd4 Bxg2 24. Kxg2 Qxd4 25. Bxd4 Bxd4 26. Nc4 Re6
27. Re4 Bc5 28. h3 Rf8 29. Rf1 Rg6+ 30. Rg4 Rxg4+ 31. hxg4 Rxf1 32. Kxf1 Kf7
33. c3 Ke6 34. b4 Bf8 35. Ke2 g6 36. a4 h5 37. Na5 Bg7 38. Nc6 Bxe5 39. c4 a6
40. Nxe5 Kxe5 41. b5 axb5 42. a5 {"While doing the time controls on the top
boards, I was witness to an extraordinary finish in the game between Law and
Sax. First Sax exchanged his knight for a bishop - clearly leaving himself
with no winning chances in the resulting king and pawn endgame - and then Law
suddenly resigned the clearly drawn position." (Stewart Reuben, tournament
director)} 1-0

[Event "Lloyds Bank Masters 04th"]
[Site "London"]
[Date "1980.08.28"]
[Round "9.5"]
[White "Gutman, Lev"]
[Black "Hartston, William Roland"]
[Result "1-0"]
[WhiteElo "2430"]
[BlackElo "2465"]
[PlyCount "123"]
[EventDate "1980.08.20"]
[EventType "swiss"]
[EventRounds "9"]
[EventCountry "ENG"]
[SourceTitle "BritBase"]
[Source "John Saunders"]
[SourceDate "2020.09.07"]
[SourceVersion "1"]
[SourceVersionDate "2020.09.07"]
[SourceQuality "2"]

1. Nf3 Nf6 2. g3 g6 3. b3 Bg7 4. Bb2 d6 5. d4 c5 6. Bg2 cxd4 7. Nxd4 d5 8. O-O
O-O 9. c4 dxc4 10. bxc4 Ng4 11. Bc3 a6 12. h3 Ne5 13. Qb3 Nbc6 14. Nxc6 Nxc6
15. Rd1 Qc7 16. Bxg7 Kxg7 17. Nc3 Rb8 18. Nd5 Qa5 19. Qb2+ f6 20. Rd3 Qc5 21.
Rad1 Bf5 22. Re3 e5 23. g4 Be6 24. g5 fxg5 25. Rxe5 Nxe5 26. Qxe5+ Kh6 27. e3
Rbe8 28. h4 gxh4 29. Rd4 Bg4 30. Qh2 Bh5 31. Qxh4 g5 32. Qg3 Bg6 33. Qh3+ Kg7
34. Qd7+ Kh6 35. Nc7 Re7 36. Qh3+ Bh5 37. Ne6 g4 38. Qh4 Rxe6 39. Rd5 Re5 40.
Rxc5 Rxc5 41. Bd5 b5 42. Qe7 Rfc8 43. Be6 R8c7 44. Qf6+ Bg6 45. cxb5 Rc1+ 46.
Kg2 axb5 47. Qf8+ Kh5 48. Qf4 R7c4 49. Bxg4+ Kh4 50. Qg3+ Kg5 51. Be2+ Kh6 52.
Bxc4 bxc4 53. Qf4+ Kg7 54. e4 Re1 55. f3 Re2+ 56. Kg3 Rxa2 57. Qe5+ Kg8 58. f4
Bf7 59. f5 Ra8 60. Qc7 Re8 61. e5 h6 62. Kf4 1-0

[Event "Lloyds Bank Masters 04th"]
[Site "London"]
[Date "1980.08.28"]
[Round "9.6"]
[White "Pliester, Leon"]
[Black "Lederman, Leon"]
[Result "0-1"]
[WhiteElo "2245"]
[BlackElo "2410"]
[PlyCount "62"]
[EventDate "1980.08.20"]
[EventType "swiss"]
[EventRounds "9"]
[EventCountry "ENG"]
[SourceTitle "BritBase"]
[Source "John Saunders"]
[SourceDate "2020.09.07"]
[SourceVersion "1"]
[SourceVersionDate "2020.09.07"]
[SourceQuality "2"]

1. d4 d5 2. c4 dxc4 3. Nf3 a6 4. e4 b5 5. a4 Bb7 6. axb5 axb5 7. Rxa8 Bxa8 8.
Nc3 c6 9. Be2 e6 10. O-O Nf6 11. e5 Nd5 12. Ne4 Be7 13. Bg5 O-O 14. Qc2 Nd7 15.
Ra1 c5 16. Bxe7 Qxe7 17. Neg5 f5 18. exf6 gxf6 19. Nh3 Kh8 20. Ra7 Nb4 21. Qd2
Nc6 22. Rc7 Qd6 23. Qh6 Rg8 24. Rxd7 Qxd7 25. Qxf6+ Qg7 26. Qxg7+ Rxg7 27. dxc5
Ra7 28. Nhg5 Ra1+ 29. Bf1 b4 30. Nxe6 c3 31. bxc3 bxc3 0-1

[Event "Lloyds Bank Masters 04th"]
[Site "London"]
[Date "1980.08.28"]
[Round "9.8"]
[White "Langeweg, Kick"]
[Black "Wells, Ian Duncan"]
[Result "1-0"]
[WhiteElo "2425"]
[BlackElo "2220"]
[PlyCount "87"]
[EventDate "1980.08.20"]
[EventType "swiss"]
[EventRounds "9"]
[EventCountry "ENG"]
[SourceTitle "BritBase"]
[Source "John Saunders"]
[SourceDate "2020.09.07"]
[SourceVersion "1"]
[SourceVersionDate "2020.09.07"]
[SourceQuality "2"]

1. Nf3 Nf6 2. c4 b6 3. g3 Bb7 4. d4 e6 5. Bg2 c5 6. d5 exd5 7. Nh4 g6 8. O-O
Bg7 9. cxd5 d6 10. Nc3 O-O 11. e4 Re8 12. Bf4 Nh5 13. Be3 Ba6 14. Re1 b5 15. a3
Nf6 16. b4 Nfd7 17. Rc1 cxb4 18. axb4 Nb6 19. Bd4 N8d7 20. Bxg7 Kxg7 21. Ra1
Qc8 22. Qd4+ Kg8 23. f4 Nc4 24. Bh3 Re7 25. e5 dxe5 26. fxe5 Rxe5 27. Bxd7
Rxe1+ 28. Rxe1 Qxd7 29. Ne4 Qc7 30. Nf6+ Kf8 31. Nxh7+ Kg8 32. Nf6+ Kf8 33.
Nh7+ Kg8 34. Nf6+ Kf8 35. Nd7+ Kg8 36. Nxg6 fxg6 37. Re7 Ne5 38. Qxe5 Qc1+ 39.
Kg2 Qd2+ 40. Kg1 Qc1+ 41. Kg2 Qd2+ 42. Kh3 Qh6+ 43. Kg4 Rf8 44. Nxf8 1-0

[Event "Lloyds Bank Masters 04th"]
[Site "London"]
[Date "1980.08.28"]
[Round "9.16"]
[White "Davies, Nigel Rodney"]
[Black "Baljon, Christofoor"]
[Result "1-0"]
[WhiteElo "2235"]
[BlackElo "2340"]
[PlyCount "45"]
[EventDate "1980.08.20"]
[EventType "swiss"]
[EventRounds "9"]
[EventCountry "ENG"]
[SourceTitle "BritBase"]
[Source "John Saunders"]
[SourceDate "2020.09.07"]
[SourceVersion "1"]
[SourceVersionDate "2020.09.07"]
[SourceQuality "2"]

1. e4 c5 2. Nf3 d6 3. Bb5+ Nd7 4. d4 Ngf6 5. O-O Nxe4 6. Qe2 Nef6 7. dxc5 dxc5
8. Rd1 e6 9. Bg5 h6 10. Bh4 Qb6 11. Na3 a6 12. Bxd7+ Bxd7 13. Nc4 Qa7 14. Nce5
Bc8 15. Nxf7 Kxf7 16. Ne5+ Kg8 17. Bxf6 b5 18. Qg4 Qc7 19. Rd8 h5 20. Qg5 Rh6
21. Rxf8+ Kxf8 22. Bxg7+ Qxg7 23. Qd8# 1-0

[Event "Lloyds Bank Masters 04th"]
[Site "London"]
[Date "1980.08.28"]
[Round "9.18"]
[White "Pytel, Krzysztof"]
[Black "Conquest, Stuart"]
[Result "1-0"]
[WhiteElo "2450"]
[BlackElo "2120"]
[PlyCount "61"]
[EventDate "1980.08.20"]
[EventType "swiss"]
[EventRounds "9"]
[EventCountry "ENG"]
[SourceTitle "BritBase"]
[Source "John Saunders"]
[SourceDate "2020.09.07"]
[SourceVersion "1"]
[SourceVersionDate "2020.09.07"]
[SourceQuality "2"]

1. d4 Nf6 2. c4 g6 3. f3 d5 4. cxd5 Nxd5 5. e4 Nb6 6. Nc3 Bg7 7. Be3 O-O 8. f4
N6d7 9. Nf3 e6 10. Be2 Nc6 11. Qd2 Ne7 12. Rd1 f5 13. d5 exd5 14. exd5 Nf6 15.
Bc4 Kh8 16. Bd4 a6 17. O-O b5 18. Bb3 h6 19. Rfe1 Bb7 20. Bc5 Re8 21. Ne5 Kh7
22. Nf7 Qd7 23. Ne5 Qd8 24. d6 cxd6 25. Qxd6 Qxd6 26. Bxd6 Nfg8 27. Nd7 Bxc3
28. bxc3 Kg7 29. Be5+ Kh7 30. Nf6+ Nxf6 31. Bxf6 1-0

[Event "Lloyds Bank Masters 04th"]
[Site "London"]
[Date "1980.08.28"]
[Round "9.22"]
[White "Pritchard, David B"]
[Black "Lewis, Andrew P"]
[Result "0-1"]
[WhiteElo "2160"]
[BlackElo "2225"]
[PlyCount "44"]
[EventDate "1980.08.20"]
[EventType "swiss"]
[EventRounds "9"]
[EventCountry "ENG"]
[SourceTitle "BritBase"]
[Source "John Saunders"]
[SourceDate "2020.09.07"]
[SourceVersion "1"]
[SourceVersionDate "2020.09.07"]
[SourceQuality "2"]

1. e4 c5 2. Nc3 Nc6 3. d3 g6 4. Be3 d6 5. Qd2 Bg7 6. g3 h5 7. Bg2 h4 8. Nd1 Nf6
9. gxh4 Ng4 10. Bf4 e5 11. Bg3 Bh6 12. Ne3 Nd4 13. O-O-O f5 14. exf5 gxf5 15.
Re1 f4 16. Nxg4 f3 17. Nxh6 fxg2 18. Bxe5 dxe5 19. Rxe5+ Be6 20. Qf4 Rxh6 21.
Qxh6 gxh1=Q 22. Qg6+ Kd7 0-1

[Event "Lloyds Bank Masters 04th"]
[Site "London"]
[Date "1980.08.28"]
[Round "9.27"]
[White "Chapman, Mark"]
[Black "Nicholson, John G"]
[Result "0-1"]
[WhiteElo "2250"]
[BlackElo "2305"]
[PlyCount "76"]
[EventDate "1980.08.20"]
[EventType "swiss"]
[EventRounds "9"]
[EventCountry "ENG"]
[SourceTitle "BritBase"]
[Source "John Saunders"]
[SourceDate "2020.09.07"]
[SourceVersion "1"]
[SourceVersionDate "2020.09.07"]
[SourceQuality "2"]

1. e4 c5 2. Nf3 d6 3. d4 cxd4 4. Nxd4 Nf6 5. Nc3 e6 6. g3 Be7 7. Bg2 O-O 8. O-O
Nc6 9. Nxc6 bxc6 10. e5 dxe5 11. Bxc6 Rb8 12. Qxd8 Rxd8 13. Bf3 Nd5 14. Nd1 f5
15. a3 Ba6 16. Re1 Bf6 17. Be2 Bxe2 18. Rxe2 e4 19. Rb1 Rd7 20. b3 Nc3 21. Nxc3
Bxc3 22. Be3 a5 23. Bc5 Rd5 24. Be3 Kf7 25. Kg2 Kf6 26. f3 exf3+ 27. Kxf3 e5
28. Rf2 g5 29. Ke2 f4 30. Rd1 Ke6 31. Bc1 a4 32. bxa4 Rxd1 33. Kxd1 Rb1 34. Rf1
Bb2 35. Kd2 e4 36. c3 e3+ 37. Kc2 e2 38. Re1 Rxc1+ 0-1

[Event "Lloyds Bank Masters 04th"]
[Site "London"]
[Date "1980.08.28"]
[Round "9.33"]
[White "Howell, James C"]
[Black "Makai, Zsuzsa"]
[Result "0-1"]
[WhiteElo "2395"]
[BlackElo "2175"]
[PlyCount "63"]
[EventDate "1980.08.20"]
[EventType "swiss"]
[EventRounds "9"]
[EventCountry "ENG"]
[SourceTitle "BritBase"]
[Source "John Saunders"]
[SourceDate "2020.09.07"]
[SourceVersion "1"]
[SourceVersionDate "2020.09.07"]
[SourceQuality "2"]

1. e4 c6 2. c4 g6 3. d4 Bg7 4. Nc3 d6 5. f4 f5 6. Nf3 fxe4 7. Nxe4 Nf6 8. Bd3
O-O 9. O-O Nxe4 10. Bxe4 Nd7 11. Qc2 Nf6 12. Bd3 Nh5 13. Kh1 Nxf4 14. Bxf4 Rxf4
15. Ng5 e5 16. Rxf4 exf4 17. h4 Qf6 18. Re1 Bd7 19. c5 d5 20. Re5 Re8 21. Nf3
Rxe5 22. dxe5 Qe7 23. h5 Bg4 24. hxg6 hxg6 25. Bxg6 Bxe5 26. Bf5 Bh5 27. Bc8
Qf6 28. Bxb7 Qh6 29. Nh2 f3 30. gxf3 Bxf3+ 31. Kg1 Bd4+ 32. Kf1 0-1

[Event "Lloyds Bank Masters 04th"]
[Site "London"]
[Date "1980.08.28"]
[Round "9.40"]
[White "Bradbury, Neil H"]
[Black "Kinlay, Jonathan"]
[Result "0-1"]
[WhiteElo "2100"]
[BlackElo "2295"]
[PlyCount "64"]
[EventDate "1980.08.20"]
[EventType "swiss"]
[EventRounds "9"]
[EventCountry "ENG"]
[SourceTitle "BritBase"]
[Source "John Saunders"]
[SourceDate "2020.09.07"]
[SourceVersion "1"]
[SourceVersionDate "2020.09.07"]
[SourceQuality "2"]

1. d4 Nf6 2. c4 g6 3. Nc3 Bg7 4. e4 d6 5. Nf3 O-O 6. Be2 e5 7. O-O Nc6 8. d5
Ne7 9. Nd2 c5 10. a3 Ne8 11. Rb1 f5 12. f3 Bh6 13. b4 b6 14. a4 Be3+ 15. Kh1
Nf6 16. Ba3 f4 17. Nb3 Nh5 18. Qe1 Nf5 19. Rf2 Bxf2 20. Qxf2 Nd4 21. Bd3 Nxb3
22. Rxb3 g5 23. Be2 Kh8 24. Nb5 Bd7 25. Bb2 Bxb5 26. axb5 cxb4 27. Rxb4 Nf6 28.
Ra4 Nd7 29. Qe1 Qc7 30. Qb4 Qc5 31. Qxc5 Nxc5 32. Ra3 a6 0-1